[Event "WY BU18 2012"]
[Site "Maribor SLO"]
[Date "2012.11.15"]
[Round "8.14"]
[White "Bok,B"]
[Black "Zhou,Y"]
[Result "0-1"]
[WhiteElo "2537"]
[BlackElo "2418"]

1.e4 c5 2.Nf3 e6 3.d4 cxd4 4.Nxd4 Nc6 5.Nc3 Qc7 6.Be3 a6 7.Qd2 Nf6 8.O-O-O Bb4
9.f3 O-O 10.g4 b5 11.g5 Nh5 12.a3 Be7 13.Nce2 b4 14.Nxc6 dxc6 15.axb4 Rd8
16.Qe1 Rxd1+ 17.Qxd1 Bxb4 18.f4 a5 19.c3 Bf8 20.e5 a4 21.Kb1 c5 22.c4 Qb7
23.Bh3 Qe4+ 24.Ka1 Qxe3 25.Bg4 Nxf4 26.Nxf4 Qxf4 27.Rf1 Qxe5 28.Qf3 Ra7  0-1

[Event "WY GU16 2012"]
[Site "Maribor SLO"]
[Date "2012.11.15"]
[Round "8.10"]
[White "Nandhidhaa,P"]
[Black "Oliveira,Maria"]
[Result "1-0"]
[WhiteElo "2166"]
[BlackElo "1969"]

1.e4 c5 2.Nf3 e6 3.d4 cxd4 4.Nxd4 Nc6 5.Nc3 Qc7 6.f4 d6 7.Be3 Nf6 8.Qf3 Be7
9.Bd3 O-O 10.Nde2 a6 11.g4 Rb8 12.g5 Ne8 13.h4 b5 14.Ng3 Nb4 15.O-O-O Nxd3+
16.Rxd3 b4 17.Nce2 a5 18.f5 exf5 19.Nxf5 a4 20.Ned4 Bxf5 21.exf5 Qb7 22.Qh3 d5
23.h5 Rc8 24.f6 Bc5 25.fxg7 Nxg7 26.g6 fxg6 27.hxg6 h5 28.Kb1 Qe7 29.Bh6 Bxd4
30.Rxd4 Rc6 31.Qg2 Qe6 32.Bxg7 Kxg7 33.Rxd5 Re8 34.Qd2 a3 35.Rdxh5 Qf6 36.Qh6+ Kg8
37.Qh8+  1-0

[Event "WY GU16 2012"]
[Site "Maribor SLO"]
[Date "2012.11.16"]
[Round "9.1"]
[White "Nevioselaya,M"]
[Black "Xiao,Yiyi"]
[Result "0-1"]
[WhiteElo "2065"]
[BlackElo "2136"]

1.e4 c5 2.Nf3 e6 3.d4 cxd4 4.Nxd4 Nc6 5.Nc3 Qc7 6.Be3 a6 7.Bd3 Nf6 8.O-O Nxd4
9.Bxd4 Bc5 10.Bxc5 Qxc5 11.Kh1 d6 12.a4 b6 13.Qe2 Bb7 14.f4 Nd7 15.Rad1 Qc7
16.Rd2 O-O 17.Rf3 Rfe8 18.Rh3 e5 19.f5 Rec8 20.Qh5 h6 21.g4 Nf6 22.Qh4 d5
23.Nxd5 Nxd5 24.g5 Qd8 25.f6 Nf4 26.gxh6 Qxf6 27.Qxf6 gxf6 28.Rg3+ Kh8 29.Rg7 Nxd3
30.cxd3 Rc1+ 31.Kg2 Rg8 32.Rxg8+ Kxg8 33.Rf2 Rc6  0-1

[Event "WY BU14 2012"]
[Site "Maribor SLO"]
[Date "2012.11.16"]
[Round "9.56"]
[White "Skuhala,Luka"]
[Black "Nero,Georg"]
[Result "1/2-1/2"]
[WhiteElo "1852"]
[BlackElo "1713"]

1.e4 c5 2.Nf3 Nc6 3.Nc3 e6 4.d4 cxd4 5.Nxd4 Nf6 6.Ndb5 Bb4 7.Nd6+ Ke7 8.Bf4 e5
9.Nf5+ Kf8 10.Bg5 d5 11.Bxf6 gxf6 12.exd5 Bxf5 13.dxc6 Qxd1+ 14.Kxd1 Rd8+
15.Kc1 Bxc3 16.bxc3 bxc6 17.Rb1 Ke7 18.f3 Rd7 19.g4 Be6 20.a3 f5 21.h3 fxg4
22.hxg4 e4 23.Be2 exf3 24.Bxf3 Bd5 25.Re1+ Kf6 26.Bxd5 cxd5 27.Rb4 h5 28.Rf1+ Kg6
29.gxh5+ Rxh5 30.Rbf4 f5 31.Rd4 Rh3 32.Kd2 Rg3 33.c4 Rxa3 34.cxd5 Ra5 35.c4 Kf6
36.Rdf4 Ke5 37.Rxf5+ Kd4 38.R1f4+ Kc5 39.d6+ Kb6 40.Rxa5 Kxa5 41.Rf5+ Kb6
42.c5+ Kc6 43.Kc3 Rb7 44.Kd4 a5 45.Rf8 Kb5 46.Kd5 Rh7 47.Rb8+ Ka6 48.Kc6 Ka7
49.Rb5  1/2-1/2

[Event "22nd World Seniors Open"]
[Site "Kamena Vourla GRE"]
[Date "2012.11.17"]
[Round "5.8"]
[White "Karasev,Vl"]
[Black "Pritchett,C"]
[Result "1/2-1/2"]
[WhiteElo "2376"]
[BlackElo "2348"]

1.e4 c5 2.Nc3 e6 3.Nf3 Nc6 4.d4 cxd4 5.Nxd4 a6 6.Nxc6 bxc6 7.Bd3 d5 8.O-O Nf6
9.Qe2 Be7 10.b3 O-O 11.Bb2 Bb7 12.Rae1 Nd7 13.Na4 g6 14.f4 Re8 15.Kh1 Bh4
16.Rd1 c5 17.Qe3 Qc7 18.Qh3 Bf6 19.Bxf6 Nxf6 20.e5 Nd7 21.c4 d4 22.Rfe1 Nb6
23.Nb2 a5 24.a4 Nc8 25.Be4 Bxe4 26.Rxe4 Rb8 27.Rd3 Ne7 28.Nd1 h5 29.Qf3 Rb6
30.Re2 Qc6 31.Kg1 Reb8 32.Rb2 Qxf3 33.Rxf3 Rb4 34.Kf1 Nf5 35.Ke1 Ne3 36.Nxe3 dxe3
37.Rxe3 Rxc4 38.Rf2 Rd4 39.Rc2 Rxf4 40.Rxc5 Rfb4 41.Rxa5 Rxb3 42.Rxb3 Rxb3
43.Rc5  1/2-1/2

[Event "VIII Governor's Cup"]
[Site "Khanty-Mansiysk RUS"]
[Date "2012.11.17"]
[Round "3.9"]
[White "Onischuk,V"]
[Black "Stukopin,A"]
[Result "1-0"]
[WhiteElo "2563"]
[BlackElo "2481"]

1.e4 c5 2.Nc3 e6 3.Nf3 Nc6 4.d4 cxd4 5.Nxd4 Qc7 6.g3 a6 7.a4 Nf6 8.Bg2 d6
9.O-O Be7 10.b3 O-O 11.Bb2 Rd8 12.h3 d5 13.exd5 Nb4 14.Qe2 Nbxd5 15.Nxd5 Nxd5
16.c4 Nb4 17.Rad1 Bf6 18.Be4 Qb6 19.Nf3 Bxb2 20.Qxb2 Bd7 21.Qe5 Nc6 22.Bxh7+ Kxh7
23.Qh5+ Kg8 24.Ng5 Be8 25.Qh7+ Kf8 26.Qh8+ Ke7 27.Nh7 Rd4 28.Qxg7 Rad8 29.a5 Qa7
30.c5 e5 31.Rfe1 Rxd1 32.Qf6+ Kd7 33.Rxd1+ Kc8 34.Rxd8+ Nxd8 35.Qxe5 Bd7
36.Nf6 Be6 37.h4 Qb8 38.Qg5 Nc6 39.h5 Qe5 40.Qxe5 Nxe5 41.f4 Ng4 42.Nxg4 Bxg4
43.h6 Bf5 44.g4 Bh7 45.Kf2 Kd7 46.Ke3 Ke7 47.b4 f6 48.Kd4 Kd7 49.g5 Ke6 50.b5 fxg5
51.fxg5 Kd7 52.bxa6 bxa6 53.Ke5 Ke7 54.c6  1-0

[Event "WY BU14 2012"]
[Site "Maribor SLO"]
[Date "2012.11.17"]
[Round "10.51"]
[White "Dolinar,Matic"]
[Black "Rohrer,Christophe"]
[Result "0-1"]
[WhiteElo "1725"]
[BlackElo "1976"]

1.e4 c5 2.Nf3 e6 3.d4 cxd4 4.Nxd4 Nc6 5.Nc3 Qc7 6.Be2 a6 7.O-O Nf6 8.Kh1 b5
9.Nxc6 dxc6 10.Qd3 Be7 11.f4 O-O 12.b3 Rd8 13.Qe3 Bb7 14.Bb2 c5 15.e5 Nd5
16.Qg3 Nxc3 17.Bxc3 b4 18.Bb2 Rd2 19.Bf3 Rxc2 20.Bc1 f5 21.Qh3 Rc3 22.Bb2 Rc2
23.Bc1 Rd8 24.Be3 Rd3 25.Rae1 Rxa2 26.Rg1 Rxb3 27.g4 Rbb2 28.gxf5 Bxf3+  0-1

[Event "WY GU16 2012"]
[Site "Maribor SLO"]
[Date "2012.11.17"]
[Round "10.17"]
[White "Blagojevic,Tijana"]
[Black "Kalaydina,R"]
[Result "1/2-1/2"]
[WhiteElo "2090"]
[BlackElo "1934"]

1.e4 c5 2.Nf3 e6 3.d4 cxd4 4.Nxd4 Nc6 5.Nc3 Qc7 6.Be3 a6 7.Bd3 Nf6 8.O-O Be7
9.Kh1 O-O 10.f4 d6 11.Qf3 Nxd4 12.Bxd4 e5 13.Be3 b5 14.g4 b4 15.Nb1 Rb8 16.Nd2 Nxg4
17.Nc4 exf4 18.Bxf4 Be6 19.Ne3 Nxe3 20.Bxe3 Bf6 21.Rab1 a5 22.b3 Be5 23.Rbd1 Rfe8
24.Bf2  1/2-1/2

[Event "WY BU16 2012"]
[Site "Maribor SLO"]
[Date "2012.11.17"]
[Round "10.5"]
[White "Fang,Yan"]
[Black "Bortnik,A"]
[Result "1/2-1/2"]
[WhiteElo "2289"]
[BlackElo "2368"]

1.e4 c5 2.Nf3 e6 3.d4 cxd4 4.Nxd4 Nc6 5.Nc3 Qc7 6.g3 a6 7.Bg2 h5 8.O-O h4
9.Re1 hxg3 10.hxg3 Bb4 11.Bf4 Ne5 12.Nf5 g5 13.Bxe5 Qxe5 14.Ne3 Bc5 15.Qd3 Bxe3
16.Rxe3 b5 17.Rd1 Ra7 18.a4 bxa4 19.Nxa4 a5 20.Qc3 Qxc3 21.Rxc3 Ne7 22.Nb6 O-O
23.e5 Rd8 24.Rd4 Kg7 25.Rc5 Rh8 26.b3 f6 27.Rdc4 a4 28.bxa4 Ba6 29.Rc7 Rxc7
30.Rxc7 fxe5 31.Nxd7 Be2 32.Nxe5 Kf6 33.Nd7+ Kf7 34.a5 Nd5 35.Bxd5 exd5 36.f3 Ke6
37.Nb6 Bxf3 38.a6 d4 39.a7 g4 40.Kf2 Rh2+  1/2-1/2

[Event "WY BU18 2012"]
[Site "Maribor SLO"]
[Date "2012.11.17"]
[Round "10.11"]
[White "Urtnasan,N"]
[Black "Andersen,Mad"]
[Result "1-0"]
[WhiteElo "2305"]
[BlackElo "2482"]

1.e4 c5 2.Nf3 e6 3.d4 cxd4 4.Nxd4 Nc6 5.Nc3 Qc7 6.Be3 a6 7.Qd2 Nf6 8.f3 Ne5
9.O-O-O b5 10.Kb1 Rb8 11.Qf2 d6 12.g4 b4 13.Nce2 Nc4 14.Bc1 e5 15.Nb3 a5
16.Ng3 a4 17.Bxc4 Qxc4 18.Nd2 Qc6 19.b3 Be6 20.Rhe1 Nd7 21.Ndf1 g6 22.Ne3 Nb6
23.g5 Be7 24.f4 exf4 25.Qxf4 O-O 26.Nd5 Bd8 27.Nf6+ Bxf6 28.gxf6 Kh8 29.Rxd6 Qc8
30.Rd4 axb3 31.cxb3 Na4 32.bxa4 Bxa2+ 33.Kxa2 b3+ 34.Ka1 Qc3+ 35.Bb2 Qxe1+
36.Qc1 Qf2 37.Rd2 Qa7 38.Rd4 Qa5 39.Qd2 Qxd2 40.Rxd2 Rb4 41.a5 Ra4+ 42.Kb1 Rxa5
43.e5 h5 44.Ne4 Ra4 45.Ng5 Rg4 46.Ba3 Rb8 47.Nxf7+ Kh7 48.Kb2 h4 49.h3 Rg3
50.e6 g5 51.e7 Kg6 52.Nd8 Re3 53.f7  1-0

[Event "WY GU18 2012"]
[Site "Maribor SLO"]
[Date "2012.11.17"]
[Round "10.2"]
[White "Schut,L"]
[Black "Asgarizadeh,M"]
[Result "1-0"]
[WhiteElo "2281"]
[BlackElo "2106"]

1.e4 c5 2.Nf3 e6 3.d4 cxd4 4.Nxd4 Nc6 5.Nc3 a6 6.Be3 Nf6 7.Qd2 Bb4 8.f3 d5
9.a3 Qa5 10.Nxc6 bxc6 11.e5 Nd7 12.f4 Rb8 13.Bd3 Be7 14.Nd1 Qxd2+ 15.Bxd2 f6
16.exf6 Bxf6 17.Bc3 Bxc3+ 18.bxc3 O-O 19.Rf1 e5 20.fxe5 Rxf1+ 21.Bxf1 Nxe5
22.Ne3 a5 23.Kd2 Kf7 24.Bd3 Nxd3 25.Kxd3 Ke6 26.c4 Ba6 27.Re1 Kd7 28.Kd4 dxc4
29.Nf5 Rf8 30.Re7+ Kd8 31.Re5 Kc7 32.Kc5 c3 33.Nd4 Rf2 34.Re7+ Kc8 35.Kb6 Bb5
36.Ne6 Rd2 37.Rc7+ Kb8 38.Rxg7 Kc8 39.Rc7+ Kb8 40.Rxh7 Kc8 41.Rc7+ Kb8 42.Nc5  1-0

[Event "TCh-FIN SM 2012-13"]
[Site "Tampere FIN"]
[Date "2012.11.17"]
[Round "6.3"]
[White "Niemela,A"]
[Black "Volodin,Alek"]
[Result "0-1"]
[WhiteElo "2291"]
[BlackElo "2509"]

1.e4 c5 2.Nf3 e6 3.d4 cxd4 4.Nxd4 Nc6 5.Nc3 Qc7 6.Be3 Nf6 7.Qd2 Bb4 8.f3 Nxd4
9.Bxd4 e5 10.Be3 Bxc3 11.Qxc3 Qxc3+ 12.bxc3 d6 13.O-O-O Ke7 14.Bc4 Be6 15.Bb3 h6
16.Rd3 Rhc8 17.Rhd1 Rc6 18.Kb2 b5 19.Ra1 Bc4 20.Rd2 a6 21.a4 Rb8 22.axb5 Bxb5
23.Ra5 Ne8 24.f4 f6 25.f5 Nc7 26.g4 Bc4 27.h4 Nb5 28.g5 hxg5 29.hxg5 Nxc3
30.gxf6+ gxf6 31.Ba7 Rb7 32.Rh2 Kf8 33.Bc5 Bxb3 34.cxb3 Nd1+ 35.Kc1 Ne3 36.Rh8+ Kg7
37.Rh3 Rxb3  0-1

[Event "TCh-HUN 2012-13"]
[Site "Budapest HUN"]
[Date "2012.11.18"]
[Round "4"]
[White "Konnyu,J"]
[Black "Ivanisevic,I"]
[Result "0-1"]
[WhiteElo "2328"]
[BlackElo "2645"]

1.e4 c5 2.Nf3 e6 3.d4 cxd4 4.Nxd4 Nc6 5.Nc3 Qc7 6.Be3 a6 7.Qd2 Nf6 8.O-O-O Bb4
9.f3 O-O 10.a3 Be7 11.Nxc6 bxc6 12.Na4 d5 13.Bb6 Qb7 14.Bc5 Rb8 15.Bxe7 Qxe7
16.Qg5 h6 17.Qh4 e5 18.Bd3 d4 19.f4 c5 20.fxe5 Qxe5 21.Qg3 Qxg3 22.hxg3 Bg4
23.Nxc5 Bxd1 24.Rxd1 Rfe8 25.Re1 Rb6 26.Nxa6 Nd5 27.Nc5 Rg6 28.exd5 Rxe1+
29.Kd2 Rg1 30.Bxg6 Rxg2+ 31.Kd3 Rxg3+ 32.Kxd4 Rxg6 33.c4 h5 34.Nd3 h4 35.c5 Kf8
36.c6 Ke7 37.Ne5 Rg1 38.b4 h3 39.Nf3 Kd6 40.b5 Rd1+ 41.Ke4 g5 42.Kf5 Rxd5+  0-1

[Event "TCh-HUN 2012-13"]
[Site "Kecskemet HUN"]
[Date "2012.11.18"]
[Round "4"]
[White "Siklosi,Z"]
[Black "Medvegy,N"]
[Result "1/2-1/2"]
[WhiteElo "2329"]
[BlackElo "2328"]

1.e4 c5 2.Nf3 e6 3.Nc3 Nc6 4.d4 cxd4 5.Nxd4 Qc7 6.Be2 a6 7.O-O Nf6 8.Be3 Bb4
9.Na4 Be7 10.Nb6 Rb8 11.Nxc8 Rxc8 12.Bd3 Ne5 13.h3 O-O 14.Bf4 d6 15.Nf3 Nxd3
16.cxd3 Qc2 17.Rb1 d5 18.e5 Nd7 19.Re1 Bb4 20.Re2 Qxd1+ 21.Rxd1 Rc7 22.Bd2 Be7
23.Kf1 Rfc8 24.Bc3 Kf8 25.Nd4 b5 26.f4 b4  1/2-1/2

[Event "WY BU16 2012"]
[Site "Maribor SLO"]
[Date "2012.11.18"]
[Round "11.39"]
[White "Daskalov,D"]
[Black "Jacobsen,Mad"]
[Result "1-0"]
[WhiteElo "2106"]
[BlackElo "2019"]

1.e4 c5 2.Nc3 e6 3.Nf3 Nc6 4.d4 cxd4 5.Nxd4 Qc7 6.Be2 a6 7.O-O Nf6 8.Be3 Bb4
9.Nxc6 bxc6 10.Qd4 Bd6 11.f4 e5 12.Qd2 exf4 13.Bxf4 Bxf4 14.Rxf4 O-O 15.Raf1 d6
16.e5 Ne8 17.Ne4 dxe5 18.Rxf7 Rxf7 19.Bc4 Qb6+ 20.Kh1 Ra7 21.Ng5 Nf6 22.Qd6 Nd5
23.Nxf7 Rxf7 24.Rxf7 Kxf7 25.Bxd5+  1-0

[Event "WY BU18 2012"]
[Site "Maribor SLO"]
[Date "2012.11.18"]
[Round "11.40"]
[White "Matijevic,Filip"]
[Black "Whitfield,C"]
[Result "1/2-1/2"]
[WhiteElo "2164"]
[BlackElo "2040"]

1.e4 c5 2.Nf3 e6 3.d4 cxd4 4.Nxd4 Nc6 5.Nc3 Qc7 6.Be3 a6 7.Qd2 Nf6 8.O-O-O Bb4
9.f3 Ne7 10.a3 Bxc3 11.Qxc3 Qxc3 12.bxc3 d5 13.e5 Nd7 14.f4 b5 15.g3 Bb7
16.Bg2 Rc8 17.Ne2 Nc6 18.Kb1 Na5 19.Bd4 Nc4 20.Ka2 O-O 21.Rhe1 a5 22.Nc1 Ra8
23.Bf1 Rfc8 24.Bxc4 Rxc4 25.Kb3 Rac8 26.Nd3 Nb8 27.Nb2 R4c6 28.Nd3 Nd7 29.Re3 Ba6
30.Rd2 Ra8 31.Re1 g6 32.Re3 Rac8 33.Rf2 Rb8 34.Rd2 Nb6 35.Bxb6 Rcxb6 36.Nc5 Bc8
37.Rd4 Rc6 38.Nd3 Ba6 39.Nb2 Rbc8 40.g4 R8c7  1/2-1/2

[Event "WY BU16 2012"]
[Site "Maribor SLO"]
[Date "2012.11.18"]
[Round "11.4"]
[White "Alekseenko,K"]
[Black "Sanzhaev,D"]
[Result "1/2-1/2"]
[WhiteElo "2434"]
[BlackElo "2319"]

1.e4 c5 2.Nf3 e6 3.d4 cxd4 4.Nxd4 Nc6 5.Nc3 Qc7 6.f4 Nxd4 7.Qxd4 a6 8.Be2 b5
9.Be3 Bb7 10.O-O Rc8 11.Rfd1 Nf6 12.e5 Nd5 13.Nxd5 Bxd5 14.a4 Qb7 15.axb5 Bc5
16.Qc3 Bxe3+ 17.Qxe3 axb5 18.c3 O-O 19.Qa7 Qxa7+ 20.Rxa7 b4 21.Rc1 bxc3 22.bxc3 Bc6
23.Kf2 f6 24.exf6 Rxf6 25.Ke3 Kf8 26.g3 h6 27.h4 Ke7 28.Rd1 Rf5 29.c4 Rb8
30.Rd3 Rb7 31.Rxb7 Bxb7 32.Ra3 Bc6 33.g4 Rf8 34.Bd3 Rb8 35.Ra5 Rb2 36.g5 hxg5
37.hxg5 Rg2 38.Ra1 Rg3+ 39.Kd4 e5+ 40.fxe5 Rg4+ 41.Ke3 Rxg5 42.Kf4 Rg2 43.Be4 g5+
44.Kf3 Bxe4+  1/2-1/2

[Event "WY BU18 2012"]
[Site "Maribor SLO"]
[Date "2012.11.18"]
[Round "11.13"]
[White "Predke,A"]
[Black "Westerberg,J"]
[Result "1-0"]
[WhiteElo "2509"]
[BlackElo "2322"]

1.e4 c5 2.Nf3 e6 3.d4 cxd4 4.Nxd4 Nc6 5.Nc3 Nf6 6.Ndb5 Bb4 7.a3 Bxc3+ 8.Nxc3 d5
9.exd5 exd5 10.Bd3 O-O 11.O-O d4 12.Ne2 Qd5 13.Nf4 Qd6 14.Nh5 Nxh5 15.Qxh5 h6
16.f4 f5 17.Bd2 Bd7 18.Rad1 Rae8 19.b4 Ne7 20.c4 Qa6 21.Ra1 Qf6 22.b5 Nc8
23.Qf3 b6 24.Rae1 Qf7 25.Bb4 Rxe1 26.Rxe1 Re8 27.Rxe8+ Bxe8 28.Qe2 Bd7 29.c5 Be6
30.c6 Qf6 31.g3 Kf7 32.Qh5+ Qg6 33.Qxg6+ Kxg6 34.Kf2 Kf6 35.Ke1 g6 36.Kd2 Bd5
37.Be2 Be4 38.Bc4 Bb1 39.Bf8 h5 40.Bb4 Be4 41.a4 a6 42.Ba3 axb5 43.axb5 d3
44.Ke3 Na7 45.Bd6 Nc8 46.Bc7 Ke7 47.Bxd3 Bxd3 48.Kxd3 Kf7 49.Kd4 Ke6 50.Kc4 Ke7
51.Kd5 Kf7 52.Bd6 Na7 53.c7 Kf6 54.Bc5 Nc8 55.Bxb6 Nxb6+ 56.Kc6 Nc8 57.b6 Ke6
58.b7  1-0

[Event "WY BU16 2012"]
[Site "Maribor SLO"]
[Date "2012.11.18"]
[Round "11.1"]
[White "Eliseev,U"]
[Black "Harutyunian,T"]
[Result "1/2-1/2"]
[WhiteElo "2495"]
[BlackElo "2334"]

1.e4 c5 2.Nf3 e6 3.d4 cxd4 4.Nxd4 Nc6 5.Nc3 Qc7 6.Be3 a6 7.Qd2 Nf6 8.f3 Ne5
9.O-O-O b5 10.g4 h6 11.h4 Bb7 12.Bf4 b4 13.Nce2 d5 14.Bxe5 Qxe5 15.f4 Qc7
16.e5 Nxg4 17.Ng1 h5 18.Ngf3 g6 19.Bh3 Nh6 20.Rhg1 Bc5 21.Rg2 Bc8 22.Qd3 Nf5
23.Bxf5 exf5 24.Kb1 Qb6 25.Re1 Bxd4 26.Qxd4 Qxd4 27.Nxd4 Rg8 28.Rg3 Bd7 29.a3 a5
30.axb4 axb4 31.e6 Bxe6 32.Nxe6 fxe6 33.Rxe6+ Kf7 34.Rge3 Ra7 35.Rb6 d4 36.Ree6 Rc7  1/2-1/2

[Event "US Chess League KO Final 2012"]
[Site "ICC INT"]
[Date "2012.11.20"]
[Round "2"]
[White "Shvartsman,A"]
[Black "Gorman,D"]
[Result "0-1"]
[WhiteElo "2273"]
[BlackElo "2227"]

1.e4 c5 2.Nf3 e6 3.d4 cxd4 4.Nxd4 Nc6 5.Nc3 Qc7 6.Be3 a6 7.Bd3 Nf6 8.O-O Nxd4
9.Bxd4 Bc5 10.Bxc5 Qxc5 11.Qe2 d6 12.Kh1 e5 13.f4 Bg4 14.Qe1 Be6 15.fxe5 Qxe5
16.Qh4 g5 17.Qf2 Ng4 18.Qg1 O-O-O 19.Nd5 Kb8 20.Ne3 h5 21.Nc4 Qc5 22.Rae1 Qc7
23.Ne3 Ne5 24.a3 g4 25.Nd5 Bxd5 26.exd5 h4 27.Re4 h3 28.g3 Qa5 29.Qd4 Nf3
30.Qb4 Qxd5 31.Rxg4 f5 32.Bxf5 Qxf5 33.Re4 Qd5 34.Qc4 Qxc4 35.Rxc4 Nd2  0-1

[Event "VIII Governor's Cup"]
[Site "Khanty-Mansiysk RUS"]
[Date "2012.11.20"]
[Round "6.9"]
[White "Dvoirys,S"]
[Black "Geller,J"]
[Result "0-1"]
[WhiteElo "2534"]
[BlackElo "2559"]

1.e4 c5 2.Nf3 e6 3.d4 cxd4 4.Nxd4 Nc6 5.Nc3 Qc7 6.g3 a6 7.Bg2 Nf6 8.O-O Nxd4
9.Qxd4 Bc5 10.Qd3 Ng4 11.h3 Ne5 12.Qe2 b5 13.Kh1 Bb7 14.f4 Nc4 15.a4 Qb6
16.Rd1 Rc8 17.axb5 axb5 18.b3 Nd6 19.Bb2 O-O 20.Rd3 Bc6 21.Rad1 Ne8 22.Nb1 f5
23.exf5 Rxf5 24.Nd2 Be7 25.Nf3 Bf6 26.Be5 Bxe5 27.Nxe5 Bxg2+ 28.Qxg2 d5 29.Nf3 Nd6
30.Ng5 Nf7 31.Nxf7 Rxf7 32.Re1 Rfc7 33.Re2 g6 34.Rd1 Rc3 35.Rde1 R8c6 36.g4 Qc7
37.Rxe6 Rxe6 38.Rxe6 Qxf4 39.Re1 Kg7 40.Re7+ Kf6 41.Re1 Kg5 42.Rf1 Qe4 43.Qxe4 dxe4
44.Rf7 Rxh3+ 45.Kg2 Kxg4 46.Re7 Rc3 47.Rxe4+ Kf5 48.Re2 h5 49.Kf2 g5 50.Ke1 h4
51.Kd2 b4  0-1

[Event "VIII Governor's Cup"]
[Site "Khanty-Mansiysk RUS"]
[Date "2012.11.21"]
[Round "7.3"]
[White "Savchenko,B"]
[Black "Kurnosov,I"]
[Result "1/2-1/2"]
[WhiteElo "2556"]
[BlackElo "2645"]

1.e4 c5 2.Nf3 Nc6 3.Nc3 e6 4.d4 cxd4 5.Nxd4 Qc7 6.Be2 a6 7.O-O Nf6 8.Be3 Be7
9.f4 d6 10.Qe1 O-O 11.Qg3 Nxd4 12.Bxd4 b5 13.a3 Bb7 14.Rae1 d5 15.Bxf6 Bxf6
16.e5 Be7 17.Bd3 g6 18.Nd1 a5 19.Ne3 Bc5 20.Kh1 Bxe3 21.Qxe3 b4 22.f5 exf5
23.Bxf5 bxa3 24.bxa3 d4 25.Qh6 Rae8 26.e6 Bd5 27.exf7+ Qxf7 28.Rxe8 Qxe8
29.Bd3 Rxf1+ 30.Bxf1 Qe1 31.Qf4 Bc4 32.Qb8+ Kg7 33.Qc7+ Bf7 34.Qf4 Qe3 35.Qd6 Qf2
36.Qe5+ Kh6 37.Qe2 Qe3 38.Qd1 Bd5 39.Bd3 Kg7 40.Qb1 h5 41.Qg1 h4 42.Qxe3 dxe3
43.Kg1 Kf6 44.Kf1 g5 45.c4 Bc6 46.Ke2 Ke5 47.Kxe3 Bxg2 48.Be2 Bh3 49.Bf3 Be6
50.c5 g4 51.Bd1 Bd7 52.c6 Bc8 53.Bc2 Kd6 54.Be4 Ba6 55.Kf4 Be2 56.Bf5 g3
57.hxg3  1/2-1/2

[Event "22nd World Seniors Open"]
[Site "Kamena Vourla GRE"]
[Date "2012.11.23"]
[Round "10.27"]
[White "Bondar,L"]
[Black "Batakovs,O"]
[Result "1/2-1/2"]
[WhiteElo "2023"]
[BlackElo "2109"]

1.e4 c5 2.Nf3 e6 3.d4 cxd4 4.Nxd4 Nc6 5.Nc3 Qc7 6.Be2 a6 7.a4 Nf6 8.O-O Be7
9.Kh1 O-O 10.f4 d6 11.Be3 Bd7 12.Nb3 Na5 13.Nxa5 Qxa5 14.Qd4 e5 15.Qb6 Qxb6
16.Bxb6 Rac8 17.Bd3 Bc6 18.Rae1 Bd8 19.Bxd8 Rfxd8 20.Kg1 Re8 21.g3 Re7 22.Rf2 exf4
23.gxf4 Rce8 24.Rfe2 Nh5 25.Rf1 Nf6 26.Rfe1 a5 27.b3 Nh5 28.Rf1 Nf6  1/2-1/2

[Event "VIII Governor's Cup B"]
[Site "Khanty-Mansiysk RUS"]
[Date "2012.11.23"]
[Round "9"]
[White "Gordeev,S"]
[Black "Chuguev,A"]
[Result "1/2-1/2"]
[WhiteElo "2043"]
[BlackElo "2235"]

1.e4 c5 2.Nf3 Nc6 3.Nc3 e6 4.d4 cxd4 5.Nxd4 Nf6 6.Nxc6 dxc6 7.Qxd8+ Kxd8
8.Bf4 Bb4 9.O-O-O+ Ke7 10.f3 Rd8 11.Rxd8 Kxd8 12.Be2 Bxc3 13.bxc3 Ke7 14.g4 b6
15.h4 Bb7 16.Rd1 Rd8 17.Rxd8 Kxd8 18.Bg5 Kd7 19.Bxf6 gxf6 20.Kd2 Kd6 21.Ke3 b5
22.a3 h6 23.c4 a6 24.cxb5 cxb5 25.c4 Bc6 26.cxb5 axb5 27.Kd4 e5+ 28.Kc3 Kc5
29.Bd1 Bd7 30.Be2 Be6 31.Bf1 Bd7 32.Be2 Be6 33.Bf1 Bd7  1/2-1/2

[Event "2nd UNAM Open Section I 2012"]
[Site "Mexico City MEX"]
[Date "2012.11.23"]
[Round "5.2"]
[White "Vera Siguenas,D"]
[Black "Macieja,B"]
[Result "0-1"]
[WhiteElo "2396"]
[BlackElo "2609"]

1.e4 c5 2.Nf3 Nc6 3.d4 cxd4 4.Nxd4 e6 5.Nc3 Qc7 6.Be2 a6 7.O-O Nf6 8.Be3 Bb4
9.Na4 O-O 10.Nxc6 bxc6 11.Nb6 Rb8 12.Nxc8 Rfxc8 13.Bxa6 Rf8 14.Bd3 Bd6 15.f4 e5
16.f5 Rxb2 17.g4 Qa5 18.Kh1 Bc5 19.Bd2 Bb4 20.Bg5 Rxa2 21.Rxa2 Qxa2 22.Bxf6 gxf6
23.Qc1 Kh8 24.Qh6 Be7 25.g5 Rg8 26.gxf6 Bc5 27.Qh5 Qb2 28.Qe2 Qd4 29.Qe1 h6
30.h3 Kh7 31.Kh2 Qd6 32.Rf3 Rg1 33.Rf1 Rg5 34.Rf3 Bb4 35.c3 Ba5 36.h4 Rg8
37.Rg3 Qxf6 38.Rxg8 Kxg8 39.Qg3+ Kf8 40.Bc4 Bd8 41.Kh3 Be7 42.Bb3 Qd6 43.Qe3 Qf6
44.Qg3 Bc5 45.Bc4 Ke7 46.Bb3 Qd6 47.Bc4 Kf8 48.Qd3 Qe7 49.Qf3 Bb6 50.Qh5 Qf6
51.Qf3 Ba5 52.Qd3 Ke7 53.Ba6 Bb6 54.Qf3 Qd6 55.Bc4 Ba5 56.Qh5 Qf6 57.Qf3 Ke8
58.Qg3 Bb6 59.Qf3 Bc5 60.Qg3 Ba3 61.Qg1 Kf8 62.Qe3 Qd6 63.Kg4 Kg7 64.Kh3 Bb2
65.Kg4 Qd1+ 66.Be2 Qd6 67.Bc4 Ba1 68.Qc1 Qc5 69.f6+ Kxf6 70.Qxh6+ Ke7 71.Qg5+ f6
72.Qg7+ Kd8 73.Qxf6+ Kc7 74.Bf7 Bxc3 75.h5 Qg1+ 76.Kf5 Qg3 77.h6 Qf4+ 78.Kg6 Qxe4+
79.Kg7 Qd4 80.Kg8 e4  0-1

[Event "ch-Commonwealth 2012"]
[Site "Chennai IND"]
[Date "2012.11.24"]
[Round "3"]
[White "Divyasri,C"]
[Black "Nolte,R"]
[Result "0-1"]
[WhiteElo "2145"]
[BlackElo "2445"]

1.e4 c5 2.Nf3 e6 3.d4 cxd4 4.Nxd4 Nc6 5.Nc3 d6 6.g4 Nge7 7.Be3 a6 8.a4 Nxd4
9.Qxd4 Nc6 10.Qd2 Be7 11.Be2 O-O 12.h4 Qc7 13.g5 Rd8 14.h5 d5 15.exd5 exd5
16.Bf4 Qa5 17.Nd1 Qxd2+ 18.Kxd2 Nd4 19.Ne3 Ne6 20.Be5 Bxg5 21.Kd1 f6 22.Bg3 Nf4
23.Bf3 Be6 24.Re1 Kf7 25.Ra3 Rac8 26.Rb3 Rd7 27.Rb4 d4 28.Ng2 Nxg2 29.Bxg2 Bg4+
30.f3 Bxh5 31.Re4 Be3 32.Rh4 Bg6 33.Bh3 Bxc2+ 34.Ke2 f5 35.Rxh7 Re8 36.Kf1 Kg6
37.Rh4 d3  0-1

[Event "ch-Commonwealth 2012"]
[Site "Chennai IND"]
[Date "2012.11.24"]
[Round "3"]
[White "Mokal,Amruta Sunil"]
[Black "Himanshu,Sh"]
[Result "1/2-1/2"]
[WhiteElo "2072"]
[BlackElo "2417"]

1.e4 c5 2.Nf3 e6 3.d4 cxd4 4.Nxd4 Nc6 5.Nc3 Qc7 6.g3 a6 7.Bg2 d6 8.O-O Bd7
9.Re1 Nxd4 10.Qxd4 Ne7 11.f4 b5 12.a3 Qa7 13.Qxa7 Rxa7 14.Be3 Rc7 15.Rad1 Nc8
16.Bd4 Rg8 17.Rd2 Be7 18.Red1 Bc6 19.e5 Bxg2 20.Kxg2 d5 21.f5 Bc5 22.Bxc5 Rxc5
23.fxe6 fxe6 24.Ne4 Rc6 25.c3 Rf8 26.Ng5 h6 27.Nf3 Ke7 28.Nh4 Ke8 29.Ng6 Rf7
30.h4 Nb6 31.Re2 Rc4 32.Nf4 Ke7 33.h5 Rf5 34.Rd4 Kd7 35.Kf3 Rc8 36.g4 Rff8
37.Kg3 a5 38.Rf2 Na4 39.Nd3 Rxf2 40.Kxf2 Nxb2 41.Nxb2 Rxc3 42.Ke2 Rxa3 43.Kd2 Rg3
44.Kc2 Kc6 45.Nd3 b4 46.Nf4 Rxg4 47.Nxe6 Re4 48.Nd8+ Kc5 49.Ne6+ Kc6 50.Nd8+ Kc5
51.Ne6+ Kc6 52.Nd8+ Kc5 53.Ne6+ Kc6 54.Nd8+ Kc5  1/2-1/2

[Event "TCh-AUT 2 Mitte 2012-13"]
[Site "Gleisdorf AUT"]
[Date "2012.11.24"]
[Round "4.5"]
[White "Teuschler,A"]
[Black "Watzka,H"]
[Result "0-1"]
[WhiteElo "2048"]
[BlackElo "2259"]

1.Nc3 c5 2.e4 Nc6 3.Nf3 e6 4.d4 cxd4 5.Nxd4 d6 6.Be3 Nf6 7.Be2 Be7 8.O-O a6
9.a4 Qc7 10.Kh1 Bd7 11.Nb3 Na5 12.f4 Bc6 13.Bf3 Nc4 14.Bc1 O-O 15.Qe2 Bd7
16.Nd2 Nxd2 17.Bxd2 Bc6 18.a5 Nd7 19.Be3 Rac8 20.Rfc1 Bf6 21.Nd1 d5 22.exd5 exd5
23.c3 Rfe8 24.Qf2 Qd6 25.h3 Nf8 26.g3 Ne6 27.Bd4 Nxd4 28.cxd4 Qb4 29.Nc3 Bxd4
30.Qg2 Bxc3 31.Rxc3 Rcd8 32.Rac1 Qxa5  0-1

[Event "2nd UNAM Open Section I 2012"]
[Site "Mexico City MEX"]
[Date "2012.11.24"]
[Round "6.3"]
[White "Guerra Mojena,L"]
[Black "Cordova,E"]
[Result "0-1"]
[WhiteElo "2382"]
[BlackElo "2568"]

1.e4 c5 2.Nf3 Nc6 3.Nc3 e6 4.d4 cxd4 5.Nxd4 Qc7 6.Be3 Nf6 7.a3 a6 8.Be2 d6
9.f4 Be7 10.Qd2 Bd7 11.g4 Nxd4 12.Qxd4 e5 13.Qd2 exf4 14.Bxf4 Nxg4 15.Rg1 Bh4+
16.Bg3 Bxg3+ 17.Rxg3 Ne5 18.Nd5 Qd8 19.Rxg7 Qh4+ 20.Rg3 O-O-O 21.Qa5 Kb8
22.O-O-O Rc8 23.Qb4 Rc6 24.Rb3 Bc8 25.Nb6 Qd8 26.Bxa6 Rxb6 27.Qxb6 Qxb6 28.Rxb6 Kc7
29.Rbxd6 bxa6 30.Rh6 Be6 31.Rg1 Ng6 32.h4 Kd6 33.h5 Nf8 34.Rg5 Ke7 35.Rg7 Bc8
36.b3 Bb7 37.e5 Bc8 38.c4 Be6 39.Kb2 a5 40.Kc3 Nd7 41.Rhxh7 Rc8 42.a4 Rb8
43.Kb2 Bxc4 44.Rg3 Nc5 45.Rhg7 Bxb3 46.h6 Be6+ 47.Kc1 Bf5 48.Rf3 Rb1+ 49.Kd2 Bg6
50.Rh3 Rb2+ 51.Kd1 Rb8 52.h7 Rd8+ 53.Ke2 Rh8 54.Rg8 Rxh7 55.Rxh7 Bxh7 56.Ra8 Nb7
57.Ke3 Kd7 58.Rb8 Kc7 59.Rf8 Nd8 60.Kd2 Bf5 61.Kc3 Bd7 62.Kb3 Be6+ 63.Ka3 Nc6
64.Ra8 Bc8 65.Rb8 Nxb8  0-1

[Event "TCh-NED Meesterklasse 2012-13"]
[Site "Netherland NED"]
[Date "2012.11.24"]
[Round "4.5"]
[White "Ducarmon,Q"]
[Black "Rijnaarts,S"]
[Result "1/2-1/2"]
[WhiteElo "2410"]
[BlackElo "2341"]

1.e4 c5 2.Nf3 e6 3.d4 cxd4 4.Nxd4 Nc6 5.Nc3 d6 6.Be2 Nf6 7.O-O Be7 8.Be3 O-O
9.f4 Bd7 10.Nb3 a6 11.a4 b6 12.Bf3 Qc7 13.g4 h6 14.h4 d5 15.e5 Nh7 16.Qe1 Na5
17.Bxd5 exd5 18.Nxd5 Qxc2 19.Nxe7+ Kh8 20.Nd4 Qe4 21.Ndf5 Nb3 22.Rd1 Qxa4
23.Qc3 Bxf5 24.Nxf5 Rac8 25.Qd3 Nc5 26.Qd5 Ne6 27.Nd6 Rc2 28.b3 Qb4 29.Rd2 Rc3
30.Nxf7+ Rxf7 31.Qxe6 Rxe3 32.Qxf7 Qxd2 33.Qe8+ Nf8 34.Qxf8+ Kh7 35.Qf5+  1/2-1/2